Statistics for Countries of the Italian Empire

Click here to take the quiz!

General Stats

  • This quiz has been taken 11,113 times
  • The average score is 13 of 18

Answer Stats

Status % Country % Correct
Occupied during WWII60Greece
90%
Colony100Libya
87%
Occupied during WWII11France
86%
Occupied during WWII54Croatia
85%
Occupied during WWII44Egypt
85%
Occupied during WWII100Albania
84%
Colony100Ethiopia
83%
Occupied during WWII57Slovenia
83%
Occupied during WWII100Tunisia
81%
Occupied during WWII54Bosnia and Herzegovina
78%
Occupied during WWII99Montenegro
75%
Occupied during WWII, Colony33Somalia
73%
Colony100Eritrea
71%
Occupied during WWII9Sudan
70%
Occupied during WWI50North Macedonia
68%
Occupied during WWII20South Sudan
57%
Occupied during WWI18Kenya
51%
Colony< 1China
21%

Score Distribution

Percentile by Number Answered

Percent of People with Each Score

Your Score History

You have not taken this quiz